Windows 2000 server : MCSA/MCSE self-packed training kit, exam 70-215 (Record no. 170917)

MARC details
000 -LEADER
fixed length control field 00499nam a2200169Ia 4500
008 - FIXED-LENGTH DATA ELEMENTS--GENERAL INFORMATION
fixed length control field 231217s9999 xx 000 0 und d
041 ## - LANGUAGE CODE
Language code of text/sound track or separate title English
082 ## - DEWEY DECIMAL CLASSIFICATION NUMBER
Classification number 001.6424WIN MIC1;1 R
100 ## - MAIN ENTRY--PERSONAL NAME
Personal name Microsoft
245 #0 - TITLE STATEMENT
Title Windows 2000 server : MCSA/MCSE self-packed training kit, exam 70-215
250 ## - EDITION STATEMENT
Edition statement 2nd ed
260 ## - PUBLICATION, DISTRIBUTION, ETC.
Date of publication, distribution, etc. 2003
Name of publisher, distributor, etc. PHI
Place of publication, distribution, etc. New Delhi
300 ## - PHYSICAL DESCRIPTION
Extent lxiv+1321
300 ## - PHYSICAL DESCRIPTION
Dimensions CD1148
650 ## - SUBJECT ADDED ENTRY--TOPICAL TERM
Topical term or geographic name entry element Windows,2000,server,:,MCSA/MCSE,self-packed,training,kit,,exam,70-215
942 ## - ADDED ENTRY ELEMENTS (KOHA)
Koha item type Books
Holdings
Date last seen Total checkouts Full call number Accession number Cost, total (INR) price Price effective from Category Lost status Damaged status Department Withdrawn status Home library Current library Shelving location Entry date Vendor Cost, normal purchase price Grants Billnumber Billdate Currency symbol Conversion rate Discount Old discount
26/01/2024   001.6424WIN MIC1;1 R 25756 636.00 26/01/2024 Books     Central Library   Central Library Central Library Central Library 14/02/2004 Sai Books 795.00 MCA 264 03/08/2005 RS 1 159 20
26/01/2024   001.6424WIN MIC1;2 R1 25757 636.00 26/01/2024 Books     Central Library   Central Library Central Library Central Library 14/02/2004 Sai Books 795.00 MCA 264 03/08/2005 RS 1 159 20

© For any Suggestions or Query, please contact the library staff @ librarian@pes.edu or Phone: +9180 2672 1983/ 2108.